Optimalizácia rozvrhu výrobkov a krabíc na palete
Optimálny rozmer a rozvrh krabíc na palete tak, aby daný rozvrh rešpektoval špecifické požiadavky zákazníka a súčasne maximalizoval celkový počet výrobkov na palete. Pri maximalizácii celkového počtu výrobkov na palete sa samozrejme minimalizuje počet použitých paliet, teda nákladov. Autor detailne...
Gespeichert in:
| 1. Verfasser: | |
|---|---|
| Format: | Buchkapitel |
| Sprache: | Slowakisch |
| Schlagworte: | |
| Tags: |
Keine Tags, Fügen Sie das erste Tag hinzu!
|
MARC
| LEADER | 00000nla$a2200000$$$4500 | ||
|---|---|---|---|
| 001 | 0073061 | ||
| 005 | 20240502071851.3 | ||
| 041 | 0 | |a slo | |
| 044 | |a SK | ||
| 245 | 1 | 0 | |a Optimalizácia rozvrhu výrobkov a krabíc na palete |c Miroslav Krumplík |
| 520 | |a Optimálny rozmer a rozvrh krabíc na palete tak, aby daný rozvrh rešpektoval špecifické požiadavky zákazníka a súčasne maximalizoval celkový počet výrobkov na palete. Pri maximalizácii celkového počtu výrobkov na palete sa samozrejme minimalizuje počet použitých paliet, teda nákladov. Autor detailne opisuje postup zostrojenia modelu, jeho jednotlivých obmedzení a úskalí. | ||
| 610 | 2 | 0 | |a výrobky |
| 610 | 2 | 0 | |a expedícia |
| 610 | 2 | 0 | |a palety |
| 610 | 2 | 0 | |a optimalizácia |
| 610 | 2 | 0 | |a modelovanie |
| 100 | 1 | |a Krumplík, Miroslav | |